[Event "BL 0506 SFR Neukölln - SF Katernberg"]
[Site "?"]
[Date "2005.10.22"]
[Round "1.7"]
[White "Siebrecht, Sebastian"]
[Black "Thiede, Lars"]
[Result "0-1"]
[WhiteElo "2485"]
[BlackElo "2417"]
[PlyCount "138"]
[EventDate "2005.??.??"]

1. d4 Nf6 2. Nf3 g6 3. c4 Bg7 4. Nc3 O-O 5. e4 d6 6. h3 e5 7. d5 Na6 8. Bg5 h6
9. Be3 Nc5 10. Nd2 a5 11. g4 c6 12. Be2 Bd7 13. h4 a4 14. g5 hxg5 15. hxg5 Nh7
16. Rg1 Qa5 17. a3 cxd5 18. cxd5 b5 19. Rg3 Rfc8 20. Kf1 Rab8 21. Na2 Qd8 22.
Nb4 Qe8 23. Kg2 Ra8 24. Bg4 f5 25. gxf6 Bxg4 26. Qxg4 Nxf6 27. Qh4 Nh5 28. Rg5
Rc7 29. Rh1 Qf7 30. Rh3 Rf8 31. Kf1 Qe8 32. Ke1 Nb3 33. Nxb3 axb3 34. Nc6 Rf4
35. Bxf4 exf4 36. f3 Rxc6 37. dxc6 Qxc6 38. Qf2 Qc1+ 39. Ke2 Ng3+ 40. Rhxg3
fxg3 41. Qxg3 Qxb2+ 42. Kf1 Qc1+ 43. Kg2 b2 44. Rxb5 Qc2+ 45. Kh3 b1=Q 46. Rxb1
Qxb1 47. Qxd6 Qh1+ 48. Kg3 Qg1+ 49. Kh3 Qg5 50. Qd5+ Qxd5 51. exd5 Bf8 52. a4
Bb4 53. Kg4 Kg7 54. Kg5 Ba5 55. Kf4 Kf6 56. Ke4 Bb6 57. Kf4 Bd8 58. d6 Ke6 59.
d7 Kxd7 60. a5 Ke6 61. a6 Bb6 62. Kg5 Kf7 63. Kh6 Be3+ 64. Kh7 g5 65. Kh8 Ke7
66. Kg7 Kd7 67. Kf6 Kc7 68. Kf5 Kb6 69. Ke4 Bf4 0-1

[Event "BL 0506 SFR Neukölln - SF Katernberg"]
[Site "?"]
[Date "2005.10.22"]
[Round "1.8"]
[White "Thinius, Marco"]
[Black "Scholz, Christian"]
[Result "0-1"]
[WhiteElo "2353"]
[BlackElo "2390"]
[PlyCount "72"]
[EventDate "2005.??.??"]

1. e4 c5 2. Nf3 d6 3. d4 cxd4 4. Nxd4 Nf6 5. Nc3 a6 6. Bd3 e5 7. Nde2 Be7 8.
O-O O-O 9. f4 Nbd7 10. Kh1 b5 11. a3 Nc5 12. Ng3 Bg4 13. Qe1 exf4 14. Bxf4 d5
15. exd5 Nxd3 16. cxd3 Re8 17. h3 Bc8 18. Nge4 Nxd5 19. Nxd5 Qxd5 20. Qg3 Bf5
21. Rfe1 Bg6 22. Re3 Bf8 23. Rae1 Bxe4 24. Rxe4 Rxe4 25. Rxe4 Rd8 26. Re3 Qc6
27. Re2 {(=)} g6 28. Be5 Qc1+ 29. Re1 Qd2 30. Bc3 Rxd3 31. Bxd2 Rxg3 32. Re8
Kg7 33. Bf4 Rd3 34. Be5+ f6 35. Bxf6+ Kf7 36. Rd8 Bd6 0-1

[Event "BL 0506 SC Kreuzberg - SV Mülheim Nord"]
[Site "?"]
[Date "2005.10.22"]
[Round "1.1"]
[White "Landa, Konstantin"]
[Black "Aronian, Levon"]
[Result "1/2-1/2"]
[WhiteElo "2600"]
[BlackElo "2724"]
[PlyCount "50"]
[EventDate "2005.??.??"]

1. d4 Nf6 2. c4 e6 3. Nc3 Bb4 4. Qc2 d5 5. cxd5 exd5 6. Bg5 c5 7. dxc5 h6 8.
Bh4 g5 9. Bg3 Ne4 10. e3 Qa5 11. Nge2 Nc6 12. O-O-O Bf5 13. Nxe4 Bxe4 14. Qb3
Qxc5+ 15. Nc3 O-O 16. Bd6 Qxd6 17. Nxe4 Qg6 18. Nc3 Rac8 19. Bd3 Qg7 20. Kb1
Bxc3 21. Qxc3 Qxc3 22. bxc3 Ne5 23. Be2 Rfd8 24. Kb2 Nc4+ 25. Bxc4 Rxc4 1/2-1/2

[Event "BL 0506 SC Kreuzberg - SV Mülheim Nord"]
[Site "?"]
[Date "2005.10.22"]
[Round "1.2"]
[White "Almasi, Zoltan"]
[Black "Fridman, Daniel"]
[Result "1/2-1/2"]
[WhiteElo "2640"]
[BlackElo "2564"]
[PlyCount "39"]
[EventDate "2005.??.??"]

1. e4 e5 2. Nf3 Nf6 3. Nxe5 d6 4. Nf3 Nxe4 5. Nc3 Nxc3 6. dxc3 Be7 7. Bf4 Nd7
8. Qd2 O-O 9. O-O-O Nc5 10. h4 Re8 11. Bc4 Be6 12. Bxe6 Nxe6 13. Be3 Qd7 14.
Qd3 Qc6 15. Rde1 Nc5 16. Bxc5 Qxc5 17. Re3 Bf6 18. Rhe1 Rxe3 19. Rxe3 Qc6 20.
g3 1/2-1/2

[Event "BL 0506 SC Kreuzberg - SV Mülheim Nord"]
[Site "?"]
[Date "2005.10.22"]
[Round "1.3"]
[White "Levin, Felix"]
[Black "Socko, Bartosz"]
[Result "1/2-1/2"]
[WhiteElo "2506"]
[BlackElo "2610"]
[PlyCount "81"]
[EventDate "2005.??.??"]

1. d4 Nf6 2. c4 e6 3. Nf3 b6 4. Nc3 Bb7 5. Bg5 Be7 6. Qc2 h6 7. Bh4 d5 8. cxd5
exd5 9. e3 O-O 10. Be2 Nbd7 11. O-O c5 12. Rad1 Rc8 13. Ne5 Nxe5 14. dxe5 Ne8
15. Bg3 Nc7 16. Bf3 b5 17. Qd2 c4 18. Nxd5 Nxd5 {(=)} 19. Bxd5 Bxd5 20. Qxd5
Qb6 21. Qe4 Rfd8 22. f4 b4 23. Rxd8+ Qxd8 24. e6 {(=)} c3 25. exf7+ Kf8 26.
bxc3 bxc3 27. Qh7 Kxf7 28. Qc2 Bf6 29. Rd1 Qb6 30. Bf2 Rc7 31. e4 Qb2 32. Rc1
Qxc2 33. Rxc2 Rb7 34. Kf1 Rb2 35. Rc1 c2 36. Ke2 Rxa2 37. e5 Bd8 38. Kd3 Ra3+
39. Ke2 Ra2 40. Kd3 Ra3+ 41. Ke2 1/2-1/2

[Event "BL 0506 SC Kreuzberg - SV Mülheim Nord"]
[Site "?"]
[Date "2005.10.22"]
[Round "1.4"]
[White "Romanishin, Oleg M"]
[Black "Schebler, Gerhard"]
[Result "1-0"]
[WhiteElo "2547"]
[BlackElo "2474"]
[PlyCount "117"]
[EventDate "2005.??.??"]

1. d4 Nf6 2. Nf3 e6 3. g3 b5 4. Bg2 Bb7 5. Bg5 c5 6. c3 d5 7. Ne5 Be7 8. dxc5
Bxc5 9. O-O Bd6 10. Ng4 Nbd7 11. e4 Be7 12. Bxf6 Nxf6 13. Nxf6+ Bxf6 14. Na3
O-O 15. exd5 b4 16. cxb4 Bxb2 17. Rb1 Bxa3 18. Qa4 Bxb4 19. Rxb4 Bxd5 20. Rd1
g6 21. Bxd5 exd5 22. Rb7 Qc8 23. Rd7 Qc4 24. Qa5 Rfe8 25. Qxd5 Qxd5 26. R1xd5
Re6 27. R5d6 Rxd6 28. Rxd6 a5 29. a4 h5 30. h4 Kf8 31. Kg2 Ke7 32. Rd5 Ra6 33.
Rb5 Kd7 34. Kf1 Ke7 35. Ke2 Kf6 36. Kf3 Ra8 37. Kf4 Ra6 38. Rc5 Kg7 39. Ke4 Rf6
40. Ke3 Re6+ 41. Kd3 Rf6 42. f4 Rb6 43. Rb5 Ra6 44. Kc4 Re6 45. Re5 Rc6+ 46.
Rc5 Re6 47. f5 Re3 48. fxg6 f6 49. Rxa5 Kxg6 50. Ra8 Kf5 51. Rh8 Rxg3 52. Rxh5+
Ke6 53. a5 Ra3 54. Kb4 Ra1 55. Rh8 Kd7 56. h5 Rb1+ 57. Kc5 Rc1+ 58. Kb6 Rb1+
59. Ka7 1-0

[Event "BL 0506 SC Kreuzberg - SV Mülheim Nord"]
[Site "?"]
[Date "2005.10.22"]
[Round "1.6"]
[White "Kalinitschew, Sergey"]
[Black "Hausrath, Daniel"]
[Result "1/2-1/2"]
[WhiteElo "2491"]
[BlackElo "2463"]
[PlyCount "44"]
[EventDate "2005.??.??"]

1. d4 g6 2. e4 Bg7 3. Nf3 d6 4. c3 Nf6 5. Bd3 O-O 6. O-O Nc6 7. b4 a6 8. Nbd2
e5 9. dxe5 Ng4 10. Nc4 b5 11. Ne3 Ngxe5 12. Nxe5 Nxe5 13. Be2 Nd7 14. Qc2 Nb6
15. Rb1 Re8 16. c4 Bb7 17. Bf3 Nxc4 18. Nxc4 bxc4 19. Qxc4 Qe7 20. Bd2 Bxe4 21.
Bxe4 Qxe4 22. Qxc7 Qd5 1/2-1/2

[Event "BL 0506 SC Kreuzberg - SV Mülheim Nord"]
[Site "?"]
[Date "2005.10.22"]
[Round "1.7"]
[White "Wegener, Olaf"]
[Black "Lau, Ralf"]
[Result "1-0"]
[WhiteElo "2404"]
[BlackElo "2467"]
[PlyCount "119"]
[EventDate "2005.??.??"]

1. e4 d5 2. exd5 Qxd5 3. Nc3 Qa5 4. d4 Nf6 5. Nf3 c6 6. Bc4 Bg4 7. h3 Bh5 8.
Bd2 Nbd7 9. g4 Bg6 10. Bb3 Qc7 11. Qe2 e6 12. O-O-O O-O-O 13. Kb1 Nb6 14. Bg5
Be7 15. Ne5 Nfd5 16. Nxd5 Nxd5 17. Bxe7 Qxe7 18. h4 f6 19. Nxg6 hxg6 20. c4 Nf4
21. Qe3 Qc7 22. d5 exd5 23. cxd5 c5 24. Rd2 Rhe8 25. Qf3 Qd6 26. Rc1 Kb8 27. a4
a5 28. Bc4 Re7 29. Rcd1 g5 30. h5 Re5 31. Ka2 Rc8 32. Qc3 b6 33. Qf3 Kc7 34.
Bb5 Kd8 35. Ka1 Ke7 36. Bc4 Kf8 37. Rh1 Kg8 38. Rhd1 Rce8 39. Bb5 R8e7 40. Bc4
Kh8 41. Ka2 g6 42. hxg6 Nxg6 43. Bd3 Nh4 44. Qg3 Kg7 45. Bc2 Rd7 46. Qd3 Kg8
47. f4 Re8 48. fxg5 fxg5 49. Re2 Rxe2 50. Qxe2 Re7 51. Qa6 Kg7 52. Qd3 Kg8 53.
Rf1 Rc7 54. Qd2 Rg7 55. Rf2 Kh8 56. Re2 Qd7 57. Re6 Nf3 58. Qe3 Qxd5+ 59. Ka3
Nh4 60. Rh6+ 1-0

[Event "BL 0506 SC Kreuzberg - SV Mülheim Nord"]
[Site "?"]
[Date "2005.10.22"]
[Round "1.8"]
[White "Tischbierek, Raj"]
[Black "Kern, Guido"]
[Result "1-0"]
[WhiteElo "2466"]
[BlackElo "2340"]
[PlyCount "121"]
[EventDate "2005.??.??"]

1. e4 e6 2. d4 d5 3. Nd2 c5 4. Ngf3 Nf6 5. e5 Nfd7 6. c3 Be7 7. Bd3 cxd4 8.
cxd4 b6 9. Qe2 a5 10. Bb5 Ba6 11. a4 Qc8 12. O-O Nc6 13. Nb1 Bxb5 14. axb5 Nb4
15. Nc3 O-O 16. Be3 Qc4 17. Qd1 Rac8 18. Ne1 f5 19. exf6 Nxf6 20. Qb1 Ng4 21.
Nf3 Qc7 22. h3 Rxf3 23. hxg4 Rf7 24. Na4 Qd6 25. Qd1 Rcf8 26. Rc1 Bd8 27. g3
Bc7 28. Kg2 g5 29. Qe2 h6 30. f4 Bb8 31. Bd2 Kg7 32. Rc3 Rf6 33. Rcf3 gxf4 34.
Bxf4 Qd8 35. Be5 Bxe5 36. Qxe5 Kg6 37. Rxf6+ Rxf6 38. Rxf6+ Qxf6 39. Qxf6+ Kxf6
40. Nxb6 Nc2 41. Nc8 Nxd4 42. b6 Nc6 43. Kf3 e5 44. Nd6 Ke6 45. Nf5 Kd7 46.
Nxh6 Ne7 47. Nf5 Ng6 48. Ne3 e4+ 49. Ke2 Ne7 50. Nf5 Ng6 51. Ke3 Ne5 52. Kd4
Nc4 53. b7 Kc7 54. g5 Nb6 55. g6 Nd7 56. g7 Nf6 57. Ne7 Kxb7 58. g8=Q Nxg8 59.
Nxg8 Kb6 60. Nf6 Kb5 61. g4 1-0

[Event "BL 0506 SV Wattenscheid - Hamburger SK"]
[Site "?"]
[Date "2005.10.22"]
[Round "1.1"]
[White "Gustafsson, Jan"]
[Black "Sargissian, Gabriel"]
[Result "1/2-1/2"]
[WhiteElo "2615"]
[BlackElo "2610"]
[PlyCount "51"]
[EventDate "2005.??.??"]

1. d4 Nf6 2. c4 e6 3. Nf3 d5 4. Nc3 Bb4 5. Bg5 h6 6. Bxf6 Qxf6 7. Qa4+ Nc6 8.
cxd5 exd5 9. e3 O-O 10. Be2 Be6 11. O-O a6 12. Rfc1 Bd6 13. Qd1 Ne7 14. Na4 b6
15. Nc3 Rfc8 16. Qf1 b5 17. a4 b4 18. Nb1 c5 19. Bxa6 Rc7 20. dxc5 Rxc5 21.
Rxc5 Bxc5 22. Nbd2 Qxb2 23. Rb1 Qa2 24. Ra1 Qb2 25. Rb1 Qa2 26. Ra1 1/2-1/2

[Event "BL 0506 SV Wattenscheid - Hamburger SK"]
[Site "?"]
[Date "2005.10.22"]
[Round "1.3"]
[White "Kempinski, Robert"]
[Black "Rustemov, Alexander"]
[Result "0-1"]
[WhiteElo "2619"]
[BlackElo "2564"]
[PlyCount "168"]
[EventDate "2005.??.??"]

1. d4 d5 2. c4 e6 3. Nc3 Be7 4. Bf4 Nf6 5. e3 O-O 6. Nf3 c5 7. dxc5 Bxc5 8.
cxd5 Nxd5 9. Nxd5 exd5 10. a3 Nc6 11. Bd3 Bb6 12. O-O d4 13. Qc2 h6 14. e4 Bg4
15. Nd2 Rc8 16. Qa4 Qf6 17. Bg3 Ne5 18. Bxe5 Qxe5 19. Nc4 Qf4 20. Nxb6 axb6 21.
Rfe1 Qd2 22. Qb3 Rc6 23. Bc4 Be6 24. Bd5 Rc2 25. Qg3 Rxb2 26. Rad1 Qc3 27. Qd3
Re8 28. Bxe6 Rxe6 29. Qxd4 Qxa3 30. e5 Qb4 31. Qd8+ Kh7 32. Qd3+ g6 33. Qf3 Kg7
34. h3 Rd2 35. Rc1 Rc2 36. Rcd1 Qe7 37. Rd5 Rc5 38. g3 b5 39. Qd3 Rxd5 40. Qxd5
Rb6 41. Rb1 Qe6 42. Rxb5 Rxb5 43. Qxb5 Qc6 44. Qb4 Qd7 45. Qb6 Qe7 46. h4 h5
47. Qa5 Qd7 48. Qb6 Kf8 49. Qf6 Qd5 50. f4 Ke8 51. Kf2 Qe6 52. Qh8+ Kd7 53. Qa8
Kc7 54. Qa3 Qd5 55. Ke3 b5 56. Qa6 Qb3+ 57. Kd2 Qb4+ 58. Kd3 Qc4+ 59. Kd2 Qd4+
60. Ke2 Qe4+ 61. Kd2 Qg2+ 62. Kd1 Qd5+ 63. Ke2 Kd7 64. Qb6 Qg2+ 65. Kd1 Qc6 66.
Qa7+ Ke6 67. Ke1 Qd5 68. Kf2 Kf5 69. Qc7 Kg4 70. Qc8+ Qe6 71. Qc2 Qb6+ 72. Kg2
Qb7+ 73. Kh2 Qd5 74. Qe2+ Qf3 75. Qe1 Qd3 76. e6 Qc2+ 77. Kg1 fxe6 78. Qxe6+
Kxg3 79. Qe3+ Kxh4 80. Qe5 Qf5 81. Qd4 Kg4 82. Qb4 h4 83. Qd6 Qe4 84. Kh2 Qxf4+
0-1

[Event "BL 0506 SV Wattenscheid - Hamburger SK"]
[Site "?"]
[Date "2005.10.22"]
[Round "1.4"]
[White "Johannessen, Leif Erlend"]
[Black "Hansen, Sune Berg"]
[Result "1/2-1/2"]
[WhiteElo "2564"]
[BlackElo "2555"]
[PlyCount "56"]
[EventDate "2005.??.??"]

1. d4 d5 2. c4 dxc4 3. Nf3 Nf6 4. e3 e6 5. Bxc4 c5 6. O-O a6 7. Bd3 cxd4 8.
exd4 Be7 9. Ne5 O-O 10. Nc3 Bd7 11. Bg5 Bc6 12. Qd2 Nd5 13. Bxe7 Nxe7 14. Rac1
Nd7 15. Nxc6 Nxc6 16. d5 exd5 17. Nxd5 Nde5 18. Be2 Qh4 19. Rfd1 Rad8 20. g3
Qe4 21. f4 Nf3+ 22. Bxf3 Qxf3 23. Rc3 Qe4 24. Re3 Qc4 25. Rc3 Qxa2 26. Rxc6
Rxd5 27. Qxd5 Qxd5 28. Rxd5 bxc6 1/2-1/2

[Event "BL 0506 SV Wattenscheid - Hamburger SK"]
[Site "?"]
[Date "2005.10.22"]
[Round "1.5"]
[White "Reeh, Oliver"]
[Black "Holzke, Frank Dr"]
[Result "1/2-1/2"]
[WhiteElo "2449"]
[BlackElo "2479"]
[PlyCount "52"]
[EventDate "2005.??.??"]

1. e4 e5 2. Nf3 Nc6 3. Bb5 a6 4. Ba4 Nf6 5. O-O Nxe4 6. d4 b5 7. Bb3 d5 8. Nxe5
Nxe5 9. dxe5 c6 10. Be3 Be7 11. c3 O-O 12. Bc2 f6 13. exf6 Nxf6 14. h3 Be6 15.
Nd2 Qc8 16. Nf3 Bd6 17. Ng5 Bf5 18. Qb1 Bxc2 19. Qxc2 h6 20. Nf3 Ne4 21. Nd2
Nxd2 22. Bxd2 Qe6 23. Rae1 Qf6 24. Re2 Rae8 25. Rxe8 Rxe8 26. Re1 Rxe1+ 1/2-1/2

[Event "BL 0506 SV Wattenscheid - Hamburger SK"]
[Site "?"]
[Date "2005.10.22"]
[Round "1.6"]
[White "Appel, Ralf"]
[Black "Heinemann, Thies"]
[Result "1-0"]
[WhiteElo "2488"]
[BlackElo "2441"]
[PlyCount "165"]
[EventDate "2005.??.??"]

1. d4 Nf6 2. Nf3 g6 3. c4 c5 4. Nc3 cxd4 5. Nxd4 Nc6 6. g3 d6 7. Bg2 Bd7 8. O-O
Bg7 9. e3 Qc8 10. Re1 O-O 11. b3 Re8 12. Bb2 Bh3 13. Bh1 Qd7 14. Qd2 Rac8 15.
a4 a6 16. a5 Qc7 17. Rec1 Qb8 18. Na4 Nxd4 19. exd4 e5 20. Nb6 Rcd8 21. Re1 e4
22. d5 Bf5 23. Bd4 Re7 24. b4 Ne8 25. Rac1 h5 26. c5 Kh7 27. Bg2 Bh6 28. Be3
Bxe3 29. Qxe3 Nc7 30. Qg5 Ree8 31. h3 dxc5 32. g4 Nxd5 33. gxf5 Nf4 34. fxg6+
fxg6 35. Re3 cxb4 36. Rce1 Qe5 37. Qxe5 Rxe5 38. Rxe4 Rf5 39. Rxb4 Nxg2 40.
Kxg2 Rd2 41. Rf1 Rxa5 42. Nc4 Rg5+ 43. Kh2 Rd7 44. Rb6 Rf5 45. Ne3 Rff7 46. Kg3
Rd2 47. h4 Rd4 48. f3 a5 49. Ng2 Rd3 50. Nf4 Rc3 51. Rfb1 a4 52. Rxb7 Rcc7 53.
Rxc7 Rxc7 54. Ra1 Ra7 55. Ra3 Kg7 56. Nd3 Kf6 57. Kf4 Ra5 58. Nf2 Rf5+ 59. Kg3
Ra5 60. f4 Ke6 61. Nd1 Rb5 62. Rxa4 Rb3+ 63. Kf2 Rh3 64. Kg2 Rb3 65. Ra5 Kf6
66. Nf2 Re3 67. Rd5 Ke6 68. Rd3 Re1 69. Kf3 Kf7 70. Rd6 Ra1 71. Nd3 Ra3 72. Ke4
Ra4+ 73. Rd4 Ra6 74. Rc4 Ra1 75. Ne5+ Kg7 76. Rc7+ Kh6 77. Nf7+ Kg7 78. Ng5+
Kg8 79. Ke5 Rf1 80. Ne6 Rh1 81. Kf6 Rxh4 82. Rc8+ Kh7 83. Ng5+ 1-0

[Event "BL 0506 SV Wattenscheid - Hamburger SK"]
[Site "?"]
[Date "2005.10.22"]
[Round "1.7"]
[White "Michaelsen, Nils"]
[Black "Lemmers, Oscar"]
[Result "1-0"]
[WhiteElo "2420"]
[BlackElo "2425"]
[PlyCount "69"]
[EventDate "2005.??.??"]

1. d4 d5 2. c4 c6 3. Nc3 Nf6 4. e3 a6 5. Qc2 g6 6. Nf3 Bg7 7. b3 Bg4 8. Be2 O-O
9. O-O Nbd7 10. Rd1 Qc7 11. a4 dxc4 12. bxc4 e5 13. Ba3 Rfd8 14. Rab1 exd4 15.
exd4 Nh5 16. h3 Bf5 17. Bd3 Bxd3 18. Rxd3 Nf4 19. Re3 Nf6 20. Qb3 Rab8 21. Bc5
Re8 22. Bb6 Qd7 23. Ne5 Qf5 24. Ba7 Rbd8 25. Qxb7 N6h5 26. g4 Qf6 27. gxh5 Rxe5
28. dxe5 Qg5+ 29. Rg3 Nxh3+ 30. Kf1 Qf5 31. Qxc6 Rd2 32. Rb8+ Bf8 33. Rxf8+
Kxf8 34. Bc5+ Kg7 35. Qf6+ 1-0

[Event "BL 0506 Solinger SG - SV Werder Bremen"]
[Site "?"]
[Date "2005.10.22"]
[Round "1.3"]
[White "Pelletier, Yannick"]
[Black "Sandipan, Chanda"]
[Result "1/2-1/2"]
[WhiteElo "2583"]
[BlackElo "2560"]
[PlyCount "90"]
[EventDate "2005.??.??"]

1. d4 Nf6 2. c4 e6 3. Nf3 b6 4. a3 Bb7 5. Nc3 d5 6. cxd5 Nxd5 7. e3 g6 8. Bb5+
c6 9. Bd3 Nxc3 10. bxc3 Bg7 11. a4 O-O 12. O-O c5 13. a5 Nd7 14. Rb1 Bxf3 15.
gxf3 cxd4 16. cxd4 Qg5+ 17. Kh1 Qxa5 18. Bb5 Rfd8 19. Qe2 Rac8 20. Rb3 a6 21.
Bxa6 Qd5 22. Rb2 Rc7 23. Bd3 e5 24. Be4 Qd6 25. dxe5 Nxe5 26. Rd2 Qe7 27. Rxd8+
Qxd8 28. Ba3 Rd7 29. Bb4 Nd3 30. Bxd3 Rxd3 31. Rc1 h5 32. Rc8 Qxc8 33. Qxd3 h4
34. Kg2 h3+ 35. Kg3 g5 36. Qb5 Bf6 37. Qxb6 Qc4 38. Kxh3 Qf1+ 39. Kg3 Qg1+ 40.
Kh3 Qf1+ 41. Kg3 Kg7 42. Bf8+ Kg6 43. Qd6 Kh5 44. Qd5 Qg1+ 45. Kh3 Qf1+ 1/2-1/2

[Event "BL 0506 Solinger SG - SV Werder Bremen"]
[Site "?"]
[Date "2005.10.22"]
[Round "1.4"]
[White "Baramidze, David"]
[Black "Babula, Vlastimil"]
[Result "0-1"]
[WhiteElo "2542"]
[BlackElo "2593"]
[PlyCount "58"]
[EventDate "2005.??.??"]

1. e4 c5 2. Nf3 d6 3. d4 cxd4 4. Nxd4 Nf6 5. Nc3 a6 6. Be3 e5 7. Nb3 Be6 8. f3
Be7 9. Qd2 O-O 10. O-O-O Nbd7 11. g4 b5 12. g5 b4 13. Ne2 Ne8 14. Kb1 a5 15. f4
a4 16. Nbc1 exf4 17. Nxf4 Bxg5 18. Rg1 Bf6 19. Bd4 Rb8 20. Nce2 Ne5 21. Qe3 Ng6
22. b3 Qa5 23. Bxf6 Nxf6 24. Nxg6 hxg6 25. Nd4 axb3 26. cxb3 Ra8 27. Rg2 Rfe8
28. Nxe6 Rxe6 29. Bc4 d5 0-1

[Event "BL 0506 Solinger SG - SV Werder Bremen"]
[Site "?"]
[Date "2005.10.22"]
[Round "1.6"]
[White "Naumann, Alexander"]
[Black "Fish, Gennadij"]
[Result "1/2-1/2"]
[WhiteElo "2534"]
[BlackElo "2550"]
[PlyCount "52"]
[EventDate "2005.??.??"]

1. e4 c5 2. Nf3 e6 3. d4 cxd4 4. Nxd4 a6 5. Nc3 Qc7 6. Be2 Nf6 7. O-O Bb4 8.
Bg5 Bxc3 9. Bxf6 gxf6 10. bxc3 d6 11. Qd2 e5 12. Nb3 Be6 13. Rad1 Nd7 14. f4
Nc5 15. Qxd6 Qxd6 16. Rxd6 Nxe4 17. Rd3 Rc8 18. fxe5 Nxc3 19. Re1 fxe5 20. Bf3
Nxa2 21. Bxb7 Rxc2 22. Rxe5 Nb4 23. Rd1 O-O 24. Nc5 f6 25. Rxe6 Rxc5 26. Bxa6
Nxa6 1/2-1/2

[Event "BL 0506 Solinger SG - SV Werder Bremen"]
[Site "?"]
[Date "2005.10.22"]
[Round "1.8"]
[White "Werle, Jan"]
[Black "Meins, Gerlef"]
[Result "1/2-1/2"]
[WhiteElo "2509"]
[BlackElo "2441"]
[PlyCount "85"]
[EventDate "2005.??.??"]

1. Nf3 d5 2. d4 Nf6 3. c4 c6 4. Nc3 a6 5. c5 Bg4 6. Ne5 Bh5 7. Qb3 Ra7 8. f3
Nfd7 9. Nd3 e5 10. Be3 Bg6 11. Na4 exd4 12. Bxd4 Qh4+ 13. Bf2 Qd8 14. Qc3 Be7
15. Bd4 Bf6 16. e3 O-O 17. Kf2 Re8 18. Nf4 Bxd4 19. exd4 b5 20. cxb6 Nxb6 21.
Nxb6 Qxb6 22. Bd3 Rae7 23. Rhe1 Nd7 24. Rxe7 Rxe7 25. Rc1 Bxd3 26. Nxd3 Re6 27.
b3 Qd8 28. g3 g5 29. Re1 Rxe1 30. Qxe1 Kg7 31. Ne5 Nxe5 32. Qxe5+ Qf6 33. Qxf6+
Kxf6 34. Ke3 h5 35. Kd3 Kf5 36. Ke3 g4 37. f4 Ke6 38. Kd3 Kf5 39. a4 h4 40. Ke3
h3 41. Kd3 Ke6 42. Ke3 Kf5 43. Kd3 1/2-1/2

[Event "BL 0506 SC Eppingen - Godesberger SK"]
[Site "?"]
[Date "2005.10.22"]
[Round "1.2"]
[White "Postny, Evgeny"]
[Black "Jenni, Florian"]
[Result "1-0"]
[WhiteElo "2571"]
[BlackElo "2502"]
[PlyCount "79"]
[EventDate "2005.??.??"]

1. d4 Nf6 2. c4 e6 3. Nf3 b6 4. g3 Ba6 5. b3 Bb4+ 6. Bd2 Be7 7. Bg2 c6 8. Ne5
Qc7 9. O-O d6 10. Nd3 O-O 11. e4 e5 12. Bc3 Nbd7 13. Nd2 exd4 14. Bxd4 Rad8 15.
Re1 Ne5 16. Nf4 Bb7 17. Qc2 Nfd7 18. Nf1 Rfe8 19. Rad1 Bf8 20. Ne3 Nf6 21. h3
g6 22. Bb2 Bg7 23. Ne2 Ned7 24. Nc3 a5 25. a3 h5 26. b4 axb4 27. axb4 Nf8 28.
b5 c5 29. Ncd5 Nxd5 30. cxd5 Bxb2 31. Qxb2 Nd7 32. f4 c4 33. Rc1 Nc5 34. Rxc4
Qd7 35. Qd4 Qxb5 36. g4 Qa5 37. Ra1 Qb5 38. gxh5 Nb3 39. Qf6 Nxa1 40. h6 1-0

[Event "BL 0506 SC Eppingen - Godesberger SK"]
[Site "?"]
[Date "2005.10.22"]
[Round "1.3"]
[White "Sprenger, Jan-Michael"]
[Black "Acs, Peter"]
[Result "1/2-1/2"]
[WhiteElo "2505"]
[BlackElo "2518"]
[PlyCount "42"]
[EventDate "2005.??.??"]

1. e4 e5 2. Nf3 Nc6 3. Bb5 a6 4. Ba4 Nf6 5. O-O Nxe4 6. d4 b5 7. Bb3 d5 8. dxe5
Be6 9. Nbd2 Nc5 10. c3 d4 11. Bxe6 Nxe6 12. cxd4 Ncxd4 13. Nxd4 Qxd4 14. Qf3
Rd8 15. a4 Bb4 16. Qc6+ Ke7 17. Nf3 Qd5 18. Qc2 Qd3 19. Qc6 Qd5 20. Qc2 Qd3 21.
Qc6 Qd5 1/2-1/2

[Event "BL 0506 SC Eppingen - Godesberger SK"]
[Site "?"]
[Date "2005.10.22"]
[Round "1.5"]
[White "Langheinrich, Ferenc"]
[Black "Meier, Georg"]
[Result "1/2-1/2"]
[WhiteElo "2391"]
[BlackElo "2411"]
[PlyCount "56"]
[EventDate "2005.??.??"]

1. Nf3 Nf6 2. c4 e6 3. Nc3 b6 4. g3 Bb7 5. Bg2 c5 6. O-O Be7 7. Re1 Ne4 8. Nxe4
Bxe4 9. d4 O-O 10. d5 exd5 11. cxd5 d6 12. Bf4 Nd7 13. Nd4 Bxg2 14. Nc6 Qe8 15.
Kxg2 Nb8 16. Nxb8 Rxb8 17. e4 Qd7 18. Qc2 Bf6 19. Rad1 Rfe8 20. h3 b5 21. Be3
g6 22. f4 Bg7 23. Bf2 Rbc8 24. g4 c4 25. Bg3 Rc5 26. Bf2 Rcc8 27. Bg3 Rc5 28.
Bf2 Rc7 1/2-1/2

[Event "BL 0506 SC Eppingen - Godesberger SK"]
[Site "?"]
[Date "2005.10.22"]
[Round "1.7"]
[White "Jackelen, Thomas"]
[Black "Mann, Christian"]
[Result "1/2-1/2"]
[WhiteElo "2454"]
[BlackElo "2464"]
[PlyCount "137"]
[EventDate "2005.??.??"]

1. d4 Nf6 2. Nf3 g6 3. Bg5 Bg7 4. c3 O-O 5. Nbd2 d6 6. e4 h6 7. Bh4 Nbd7 8. Be2
e5 9. O-O Qe8 10. Re1 a6 11. Bf1 b6 12. Qc2 Bb7 13. a4 Nh5 14. Rad1 Rc8 15.
dxe5 dxe5 16. b4 Bf6 17. Bxf6 Nhxf6 18. Nc4 Qe6 19. Nfd2 Rcd8 20. Ne3 Kg7 21.
Bc4 Qe7 22. f3 a5 23. Qb3 axb4 24. cxb4 Nb8 25. Qc3 Rd6 26. Nb3 Rfd8 27. Rxd6
Rxd6 28. Bb5 Rd8 29. Rc1 Rc8 30. a5 Na6 31. Bxa6 Bxa6 32. Nc4 Nd7 33. Ne3 c5
34. Nd5 Qd6 35. bxc5 bxc5 36. Rd1 c4 37. Nd2 Qc5+ 38. Kh1 Qd4 39. Rb1 Rc5 40.
Qc2 Rxa5 41. h3 Ra3 42. Rc1 Ra1 43. Rxa1 Qxa1+ 44. Kh2 Qd4 45. Nb1 Bb7 46. Ndc3
Nc5 47. Nb5 Qd3 48. Qb2 Nd7 49. N5c3 Bc6 50. Qa3 Qd4 51. Ne2 Qb6 52. Nec3 Qd4
53. Ne2 Qd3 54. Nec3 Nf6 55. Qc5 Bb7 56. Qxe5 g5 57. Na3 Kg6 58. Nab5 Bc8 59.
Nd6 Be6 60. Nf5 Qd8 61. h4 gxh4 62. Nxh4+ Kh7 63. Nf5 Bxf5 64. Qxf5+ Kg7 65. e5
Nd7 66. Kh3 Qg5 67. Qxg5+ hxg5 68. Kg4 Kg6 69. f4 1/2-1/2

[Event "BL 0506 SC Eppingen - Godesberger SK"]
[Site "?"]
[Date "2005.10.22"]
[Round "1.8"]
[White "Miltner, Arndt"]
[Black "Armbruster, Alexander"]
[Result "1-0"]
[WhiteElo "2400"]
[BlackElo "2376"]
[PlyCount "85"]
[EventDate "2005.??.??"]

1. d4 Nf6 2. c3 g6 3. Nf3 Bg7 4. Bf4 O-O 5. e3 d5 6. h3 Nbd7 7. Be2 Ne4 8. O-O
c6 9. a4 Re8 10. Na3 e5 11. Bh2 Qe7 12. Qb3 exd4 13. exd4 Nf8 14. Rfe1 Bf5 15.
Nc2 Rad8 16. a5 a6 17. Bf1 h5 18. Qb4 Rd7 19. Ne5 Bxe5 20. Bxe5 Qg5 21. f3 c5
22. Qa4 Nd2 23. Kf2 Nxf1 24. Kxf1 Bd3+ 25. Kg1 f6 26. Bxf6 Rxe1+ 27. Nxe1 Qe3+
28. Kh1 Rf7 29. Be5 Be2 30. Qc2 c4 31. Qc1 Qxc1 32. Rxc1 Nd7 33. Nc2 Nxe5 34.
dxe5 Re7 35. Nd4 Bd3 36. Re1 Kf7 37. h4 Kf8 38. Kh2 Kf7 39. Kg3 Kg7 40. Kf4 Kh6
41. e6 Kg7 42. Ke5 Kf8 43. Kxd5 1-0

[Event "BL 0506 TV Tegernsee - SG Köln Porz"]
[Site "?"]
[Date "2005.10.22"]
[Round "1.1"]
[White "Lutz, Christopher"]
[Black "Khenkin, Igor"]
[Result "1/2-1/2"]
[WhiteElo "2609"]
[BlackElo "2603"]
[PlyCount "44"]
[EventDate "2005.??.??"]

1. e4 e5 2. Nf3 Nc6 3. Bb5 Nf6 4. O-O Nxe4 5. d4 Nd6 6. Bxc6 dxc6 7. dxe5 Nf5
8. Qxd8+ Kxd8 9. Nc3 Ne7 10. h3 Ng6 11. Bd2 Be7 12. Rad1 Ke8 13. Rfe1 a6 14.
Ne4 Kf8 15. a3 c5 16. Be3 b6 17. Nc3 Bf5 18. Rd2 h6 19. Nd5 Bd8 20. a4 a5 21.
Red1 Ke8 22. Nc3 Nf8 1/2-1/2

[Event "BL 0506 TV Tegernsee - SG Köln Porz"]
[Site "?"]
[Date "2005.10.22"]
[Round "1.2"]
[White "Sokolov, Andrei"]
[Black "Van Wely, Loek"]
[Result "1-0"]
[WhiteElo "2623"]
[BlackElo "2648"]
[PlyCount "61"]
[EventDate "2005.??.??"]

1. e4 c5 2. Nf3 d6 3. d4 cxd4 4. Nxd4 Nf6 5. Nc3 a6 6. Be3 e6 7. Be2 Be7 8. f4
O-O 9. O-O Nc6 10. Kh1 Qc7 11. a4 Re8 12. Bg1 Bd7 13. Nf3 Rad8 14. Bd3 Bc8 15.
Qe2 Nd7 16. Nd1 Nb4 17. Bd4 b6 18. Bc3 Nxd3 19. cxd3 Bb7 20. a5 b5 21. Ne3 Rc8
22. Ng5 Bxg5 23. fxg5 Qc5 24. Qf3 Rf8 25. Qg3 b4 26. Bf6 Rfe8 27. Ng4 Nf8 28.
Qh3 gxf6 29. Nxf6+ Kh8 30. Nxe8 Rxe8 31. Rxf7 1-0